00314 a2200109 4500001001000000005001700010008004100027245003800068100002100106773006000127999001700187ART_4717520260410161850.0260409a 10aSindicatos y conflictos laborales1 aMontuschi, Luisa0 tEconómicag- Año XLII, Nº 1/2 (ene. 1996)wREV7541 c24940d24940